000 00250nam a22000977a 4500
999 _c532263
_d532263
082 _a624.1821
_bMAY
100 _aGaylord, Edwar H.
245 _aDesign of steel structures /
942 _2ddc
_cBK